01371nam a2200373 i 450000100060000000300090000600500170001500800390003201500170007104000480008804100180013604600090015408000130016308000080017610000340018424501810021826000560039930000280045538000170048338800100050049000380051050400120054854600260056065800240058665000240061071000420063485600980067683000360077494200120081099900170082295200480083995200480088795200620093511353KOSZ 00520200630132823.0080821s1957 pl a f 001 0 pol aPB 1957/7289 aWA NcKOSZ 005/RWdKOSZ 005/RWdKOSZ 005/HR0 apolbengbrus k1957 a539.3/.6 a6211 aMartini, Leszek Zenon.eAutor10aPłaskie zagadnienie teorii sprężystości ciała poddanego działaniu sił skupionych /cLeszek Martini ; Polska Akademia Nauk. Instytut Podstawowych Problemów Techniki. aWarszawa :bPaństwowe Wydawnictwo Naukowe,c1957. a124 s. :bil. ;c25 cm. aKsiążki. a1901-1 aBiblioteka Mechaniki Stosowanej  aIndeks. aStreszcz. ang. i ros. aFizyka i astronomia 4aSprężystość2 aPaństwowe Wydawnictwo Naukowe4pbl. uhttp://koha.tu.koszalin.pl/cgi-bin/koha/opac-detail.pl?biblionumber=11353yKatalog online BPK 0aBiblioteka Mechaniki Stosowanej 2UKDcKS c11353d11353 00104070aBPKbBPKcwo3140p01122985yKS 00104070aBPKbBPKcwo5708p02209432yKS 00104071aBPKbBPKcco10538p01962222t539.3/.6 WmyKS